00560 2200193 4500001002100000005001500021035002000036007000300056008004100059020001800100082000800118084001400126100003000140245009200170250001000262260004300272300004000315650001100355INLIS00000000000477920260703071102 a0010-0726000028ta260703 g 0 ind  a979-610-269-2 a530 a530 SUL k0 aSulistyo Hadi (pengarang)1 aKumpulan Rumus Lengkap Kelas vii, viii, ix SMP :bRumus Kantong Fisika /cSulistyo Hadi acet.1 aYogyakarta :bPustaka Widyatama,c2008 aiv, 204 hal :bteks, tabel ;c19 cm 4aFisika